[Event "Capablanca Memorial op 57th"]
[Site "Havana"]
[Date "2024.05.06"]
[Round "4"]
[White "Stark, Ingo"]
[Black "Perez Leiva, Jerzy Jesus"]
[Result "0-1"]
[WhiteElo "2048"]
[BlackElo "2357"]
[PlyCount "34"]
[EventDate "2024.05.03"]
[EventType "swiss"]
[EventRounds "10"]
[EventCountry "CUB"]
[SourceTitle "EXT 2025"]
[Source "ChessBase"]
[SourceDate "2024.10.14"]
[SourceVersion "1"]
[SourceVersionDate "2024.10.14"]
[SourceQuality "1"]

1. e4 e6 2. d4 d5 3. Nc3 Bb4 4. e5 Ne7 5. Qg4 c5 6. a3 Qa5 7. axb4 Qxa1 8. Kd1 cxd4 9. Nb5 0-0 10. Nc7 Nbc6 11. Nxa8 Bd7 12. Nc7 Nf5 13. Bd3 Nxe5 14. Qe2 Nxd3 15. Qxd3 Rd8 16. Nb5 e5 17. Nf3 Ne3+ 0-1

[Event "Oberliga Nord O 2122"]
[Site "Germany"]
[Date "2022.05.29"]
[Round "5.7"]
[White "Kuersten, Ruediger"]
[Black "Stark, Ingo"]
[Result "1/2-1/2"]
[WhiteElo "2203"]
[BlackElo "2087"]
[PlyCount "148"]
[EventDate "2021.10.31"]
[EventType "team-tourn"]
[EventRounds "9"]
[EventCountry "GER"]
[SourceTitle "EXT 2024"]
[Source "ChessBase"]
[SourceDate "2023.10.10"]
[SourceVersion "1"]
[SourceVersionDate "2023.10.10"]
[SourceQuality "1"]
[WhiteTeam "Greifswald"]
[BlackTeam "Oberschoeneweide"]
[WhiteTeamCountry "GER"]
[BlackTeamCountry "GER"]

1. Nf3 b5 2. d4 Bb7 3. Bf4 e6 4. e3 a6 5. Bd3 Nf6 6. h3 d6 7. 0-0 Nbd7 8. Nbd2 c5 9. c3 Qc7 10. Bh2 Be7 11. c4 b4 12. Re1 0-0 13. Rc1 Rfe8 14. Bb1 Bf8 15. e4 cxd4 16. Nxd4 g6 17. Nc2 Qb6 18. Bf4 Rad8 19. Be3 Nc5 20. f3 a5 21. Nd4 Rc8 22. Qe2 Nfd7 23. Bf2 Bg7 24. Rcd1 Ba6 25. b3 Qb8 26. Qe3 d5 27. exd5 exd5 28. Qg5 dxc4 29. Rxe8+ Rxe8 30. Nxc4 Bxc4 31. bxc4 Qe5 32. Qc1 Rc8 33. Nb5 Qb8 34. Nd6 Rc6 35. Ne4 Qc7 36. Qd2 Bf8 37. Qd5 Nxe4 38. Qxe4 Rxc4 39. Qe8 Rc1 40. Qe1 Rxd1 41. Qxd1 Bc5 42. Be4 Bxf2+ 43. Kxf2 Qc5+ 44. Ke2 Nf6 45. g4 Qc4+ 46. Ke3 Qxa2 47. Qd8+ Kg7 48. g5 Qb3+ 49. Bd3 Qe6+ 50. Kf2 Nd5 51. Be4 Qb6+ 52. Qxb6 Nxb6 53. Ke3 Na4 54. Kd4 Nc3 55. Bd3 h6 56. h4 hxg5 57. hxg5 Kf8 58. Kc5 Ke7 59. Bc4 Nb1 60. Bd5 Nd2 61. Kd4 f6 62. Kd3 Nb1 63. f4 Nc3 64. Bg8 fxg5 65. fxg5 a4 66. Kc4 Kf8 67. Be6 a3 68. Kb3 Ke7 69. Bg8 Kd6 70. Bf7 Ke5 71. Bxg6 Kf4 72. Bf7 Kxg5 73. Kxb4 a2 74. Bxa2 Nxa2+ 1/2-1/2

[Event "Berlin-ch"]
[Site "Berlin"]
[Date "2022.04.15"]
[Round "1"]
[White "Rietze, Clemens"]
[Black "Stark, Ingo"]
[Result "1-0"]
[WhiteElo "2290"]
[BlackElo "2106"]
[PlyCount "57"]
[EventDate "2022.04.15"]
[EventType "swiss"]
[EventRounds "9"]
[EventCountry "GER"]
[SourceTitle "CBM 207 Extra"]
[Source "ChessBase"]
[SourceDate "2022.05.31"]
[SourceVersion "1"]
[SourceVersionDate "2022.05.31"]
[SourceQuality "1"]

1. d4 Nf6 2. c4 e6 3. Nf3 c5 4. d5 exd5 5. cxd5 Bd6 6. Nc3 0-0 7. Bg5 Re8 8. e3 a6 9. a4 h6 10. Bh4 Bc7 11. d6 Ba5 12. Bc4 g5 13. Nxg5 hxg5 14. Bxg5 Nc6 15. h4 Ne5 16. Rh3 b5 17. Rg3 Kh7 18. Qc2+ Kg7 19. Bxf6+ Kxf6 20. Rg5 Nf3+ 21. gxf3 Re5 22. Bxf7 Rxg5 23. hxg5+ Kxf7 24. Qh7+ Kf8 25. Qf5+ Kg7 26. Qe5+ Kf8 27. Ke2 Qe8 28. Qh8+ Kf7 29. g6+ 1-0

[Event "Berlin Lichtenberger op 18th"]
[Site "Berlin"]
[Date "2019.08.19"]
[Round "3"]
[White "Stern, Rene"]
[Black "Stark, Ingo"]
[Result "1-0"]
[WhiteElo "2515"]
[BlackElo "2113"]
[PlyCount "65"]
[EventDate "2019.08.17"]
[EventType "swiss"]
[EventRounds "9"]
[EventCountry "GER"]
[SourceTitle "EXT 2020"]
[Source "ChessBase"]
[SourceDate "2019.10.17"]
[SourceVersion "1"]
[SourceVersionDate "2019.10.17"]
[SourceQuality "1"]

1. Nf3 b5 2. e3 a6 3. b3 e6 4. Bb2 Nf6 5. c4 b4 6. d4 Be7 7. Nbd2 Bb7 8. Bd3 c5 9. 0-0 d6 10. d5 exd5 11. cxd5 0-0 12. e4 Nbd7 13. Nc4 Re8 14. Re1 Bf8 15. a4 a5 16. Nfd2 Ne5 17. Nxe5 dxe5 18. Bb5 Nd7 19. Nc4 f6 20. Bxd7 Qxd7 21. Nb6 Qc7 22. Nxa8 Rxa8 23. Rc1 Qd7 24. Rc2 Ba6 25. Bc1 Rc8 26. Be3 c4 27. bxc4 Qxa4 28. c5 Qb5 29. d6 b3 30. Rb2 a4 31. Qd5+ Kh8 32. d7 Rd8 33. c6 1-0

[Event "Berlin Lichtenberger op 17th"]
[Site "Berlin"]
[Date "2018.08.26"]
[Round "9"]
[White "Eberlein, Johann"]
[Black "Stark, Ingo"]
[Result "0-1"]
[WhiteElo "1936"]
[BlackElo "2107"]
[PlyCount "136"]
[EventDate "2018.08.18"]
[EventType "swiss"]
[EventRounds "9"]
[EventCountry "GER"]
[SourceTitle "CBM 186 Extra"]
[Source "ChessBase"]
[SourceDate "2018.08.24"]
[SourceVersion "1"]
[SourceVersionDate "2018.08.24"]
[SourceQuality "1"]

1. Nc3 c5 2. Nf3 Nf6 3. d4 cxd4 4. Nxd4 a6 5. e4 d6 6. g3 e5 7. Nde2 Be7 8. Bg2 Nbd7 9. 0-0 b5 10. Bg5 Bb7 11. Bxf6 Nxf6 12. Nd5 Nxd5 13. exd5 0-0 14. Qd2 Rc8 15. Rad1 Qb6 16. Kh1 b4 17. c3 a5 18. a3 Ba6 19. axb4 axb4 20. cxb4 Rc4 21. b5 Qxb5 22. Nc3 Qb4 23. Rfe1 Rd4 24. Qc2 Rb8 25. Rxd4 Qxd4 26. h4 g6 27. Ra1 Qb6 28. Qd2 Bc4 29. Rb1 Qb4 30. Be4 Bd8 31. h5 Kg7 32. f4 f5 33. h6+ Kf8 34. Bg2 Bf6 35. Ra1 e4 36. Ra4 Qb3 37. Ra3 Qxb2 38. Qxb2 Rxb2 39. Ra8+ Kf7 40. Ra7+ Be7 41. Rc7 Bd3 42. Rc8 Bf6 43. Rc7+ Ke8 44. Na4 Ra2 45. Nb6 Bd8 46. Rxh7 Bxb6 47. Rg7 Bd4 48. Rxg6 Ke7 49. h7 Ra5 50. Rg8 Rxd5 51. h8Q Bxh8 52. Rxh8 Ra5 53. Kg1 e3 54. Ra8 Rxa8 55. Bxa8 Ke6 56. Bc6 d5 57. Kg2 Kd6 58. Bb7 Be4+ 59. Kf1 Bf3 60. Ke1 Kc5 61. Bc8 Bg4 62. Ba6 Kd4 63. Bb7 Kc4 64. Ba6+ Kc3 65. Be2 Bxe2 66. Kxe2 d4 67. g4 fxg4 68. f5 g3 0-1

[Event "Berlin Lichtenberger op 17th"]
[Site "Berlin"]
[Date "2018.08.18"]
[Round "1"]
[White "Mueller, Johannes1"]
[Black "Stark, Ingo"]
[Result "0-1"]
[WhiteElo "1775"]
[BlackElo "2107"]
[PlyCount "74"]
[EventDate "2018.08.18"]
[EventType "swiss"]
[EventRounds "9"]
[EventCountry "GER"]
[SourceTitle "CBM 186 Extra"]
[Source "ChessBase"]
[SourceDate "2018.08.24"]
[SourceVersion "1"]
[SourceVersionDate "2018.08.24"]
[SourceQuality "1"]

1. e4 c5 2. Nc3 d6 3. f4 Nc6 4. Nf3 g6 5. Bc4 Bg7 6. 0-0 e6 7. a3 Nge7 8. d3 0-0 9. Ba2 h6 10. h3 Kh7 11. Qe1 Nd4 12. Rf2 Nec6 13. Nd1 Nxf3+ 14. Rxf3 d5 15. c3 dxe4 16. dxe4 b6 17. g4 Bb7 18. Nf2 Qe7 19. Bd2 Rad8 20. Rd1 Rd7 21. Bc1 Rfd8 22. Rxd7 Rxd7 23. Rd3 b5 24. Qd1 Rxd3 25. Qxd3 c4 26. Qe2 Qd7 27. Bb1 Bf8 28. f5 Ne5 29. Be3 a6 30. Bd4 Bg7 31. Qe3 Qc6 32. Qf4 g5 33. Qe3 exf5 34. gxf5 Kg8 35. Qg3 Qd6 36. h4 gxh4 37. Qxh4 Nf3+ 0-1

[Event "Berlin-ch MT"]
[Site "Berlin"]
[Date "2018.04.04"]
[Round "5"]
[White "Lachmann, Utz"]
[Black "Stark, Ingo"]
[Result "1-0"]
[WhiteElo "2179"]
[BlackElo "2148"]
[PlyCount "97"]
[EventDate "2018.03.31"]
[EventType "swiss"]
[EventRounds "9"]
[EventCountry "GER"]
[SourceTitle "EXT 2020"]
[Source "ChessBase"]
[SourceDate "2019.10.17"]
[SourceVersion "1"]
[SourceVersionDate "2019.10.17"]
[SourceQuality "1"]

1. e4 c5 2. Nf3 d6 3. Bb5+ Nd7 4. 0-0 a6 5. Bxd7+ Bxd7 6. Re1 Nf6 7. Nc3 g6 8. d4 cxd4 9. Qxd4 Bg7 10. Bg5 0-0 11. Qd3 h6 12. Bh4 Rc8 13. Nd4 Qa5 14. Bxf6 Bxf6 15. Nd5 Rfe8 16. Nxf6+ exf6 17. c3 Be6 18. f4 d5 19. e5 f5 20. Qh3 Kh7 21. Re3 b5 22. b4 Qb6 23. Rd1 a5 24. a3 Rc4 25. Qh4 Rec8 26. bxa5 Qa7 27. Kh1 Rxc3 28. Rxc3 Rxc3 29. Nxb5 Qxa5 30. Nxc3 Qxc3 31. Qg3 Qc2 32. Qd3 Qa4 33. Rf1 d4 34. Rd1 Bb3 35. Rd2 Qxa3 36. h3 Qc1+ 37. Kh2 Be6 38. Qxd4 Kg7 39. Qd8 Kh7 40. Qd3 Kg7 41. Qd4 Kh7 42. Rb2 g5 43. Qd2 Qa1 44. Rb8 Kg6 45. Rh8 Qf1 46. fxg5 f4 47. gxh6 Qc4 48. Rg8+ Kh7 49. Qd8 1-0

[Event "Berlin-ch MT"]
[Site "Berlin"]
[Date "2018.03.31"]
[Round "1"]
[White "Stark, Ingo"]
[Black "Thesing, Ansgar"]
[Result "1-0"]
[WhiteElo "2148"]
[BlackElo "1937"]
[PlyCount "71"]
[EventDate "2018.03.31"]
[EventType "swiss"]
[EventRounds "9"]
[EventCountry "GER"]
[SourceTitle "EXT 2020"]
[Source "ChessBase"]
[SourceDate "2019.10.17"]
[SourceVersion "1"]
[SourceVersionDate "2019.10.17"]
[SourceQuality "1"]

1. e4 c5 2. Nf3 e6 3. d4 cxd4 4. Nxd4 a6 5. Bd3 Qc7 6. 0-0 Nf6 7. Qe2 d6 8. Nc3 Be7 9. Bd2 Nbd7 10. Kh1 b5 11. b4 Bb7 12. a4 bxa4 13. Rxa4 d5 14. exd5 Nb6 15. dxe6 Nxa4 16. exf7+ Kxf7 17. Bc4+ Ke8 18. Ne6 Qc6 19. Nd5 Nxd5 20. Bxd5 Qxd5 21. Nc7+ Kf8 22. Nxd5 Bxd5 23. Qe5 Rd8 24. Bg5 Bxg5 25. Qxg5 Kf7 26. Qf5+ Ke7 27. Qe5+ Kf7 28. Qf5+ Ke7 29. Re1+ Kd6 30. Qf4+ Kc6 31. c4 Bg8 32. Qe4+ Kb6 33. Qc2 Bxc4 34. Qxc4 Rhe8 35. Re6+ Kb7 36. Qxa6+ 1-0

[Event "Oberliga Nord O 1718"]
[Site "Germany"]
[Date "2018.03.18"]
[Round "8.6"]
[White "Lehmann, Alexander"]
[Black "Stark, Ingo"]
[Result "1-0"]
[WhiteElo "1996"]
[BlackElo "2148"]
[PlyCount "89"]
[EventDate "2017.10.08"]
[EventType "team-tourn"]
[EventRounds "9"]
[EventCountry "GER"]
[SourceTitle "EXT 2019"]
[Source "ChessBase"]
[SourceDate "2018.10.10"]
[SourceVersion "1"]
[SourceVersionDate "2018.10.10"]
[SourceQuality "1"]
[WhiteTeam "Cottbus Lokomotive"]
[BlackTeam "Berlin Oberschoeneweide"]
[WhiteTeamCountry "GER"]
[BlackTeamCountry "GER"]

1. e4 c5 2. c3 d5 3. exd5 Qxd5 4. d4 Nf6 5. Nf3 Bg4 6. Be2 e6 7. h3 Bh5 8. c4 Qd8 9. Nc3 cxd4 10. Nxd4 Bxe2 11. Qa4+ Nbd7 12. Ndxe2 Bc5 13. 0-0 0-0 14. Qc2 Rc8 15. Bg5 Qc7 16. Rac1 a6 17. Ne4 Be7 18. Nxf6+ Nxf6 19. Qd3 Rfd8 20. Qg3 Qc6 21. Bh6 Bf8 22. Be3 Ne4 23. Qh4 Bc5 24. Bxc5 Nxc5 25. Rfd1 f6 26. Nd4 Qd7 27. Qg4 f5 28. Qe2 Qf7 29. f3 Rd6 30. Qe5 Rd7 31. b4 Qf6 32. Qxf6 gxf6 33. bxc5 Rcd8 34. Rb1 e5 35. Rb6 exd4 36. c6 bxc6 37. Rxc6 Rd6 38. Rxd6 Rxd6 39. Kf2 Kf7 40. Ke2 Ke6 41. Kd3 Ke5 42. g3 Rb6 43. f4+ Kd6 44. Kxd4 Rb2 45. Kc3+ 1-0

[Event "Oberliga Nord O 1718"]
[Site "Germany"]
[Date "2018.02.04"]
[Round "6.6"]
[White "Kalhorn, Stefan"]
[Black "Stark, Ingo"]
[Result "0-1"]
[WhiteElo "2122"]
[BlackElo "2148"]
[PlyCount "86"]
[EventDate "2017.10.08"]
[EventType "team-tourn"]
[EventRounds "9"]
[EventCountry "GER"]
[SourceTitle "EXT 2019"]
[Source "ChessBase"]
[SourceDate "2018.10.10"]
[SourceVersion "1"]
[SourceVersionDate "2018.10.10"]
[SourceQuality "1"]
[WhiteTeam "Greifswald"]
[BlackTeam "Berlin Oberschoeneweide"]
[WhiteTeamCountry "GER"]
[BlackTeamCountry "GER"]

1. d4 Nf6 2. c4 e6 3. Nf3 c5 4. d5 exd5 5. cxd5 d6 6. e4 g6 7. Bd3 Bg7 8. 0-0 0-0 9. Re1 Bg4 10. Nbd2 Nbd7 11. h3 Ne5 12. Qe2 Bxf3 13. Nxf3 Nxf3+ 14. Qxf3 Nd7 15. Bf4 Qe7 16. Rab1 a6 17. a4 Bd4 18. Be3 Qe5 19. Qg4 Bxe3 20. Rxe3 Rad8 21. b3 Qd4 22. Rbe1 Ne5 23. Qg3 Rde8 24. Kh2 f6 25. f4 Nf7 26. e5 dxe5 27. Bxg6 exf4 28. Bxh7+ Kxh7 29. Qh4+ Kg7 30. Qg4+ Ng5 31. Rxe8 f3 32. R1e7+ Kg6 33. Qxd4 cxd4 34. gxf3 d3 35. Re3 Rxe8 36. Rxd3 Kf5 37. Kg3 Rd8 38. Rc3 Rxd5 39. Rc7 b5 40. a5 Rd3 41. Rc6 Rxf3+ 42. Kg2 Rxh3 43. Rxa6 Rxb3 0-1

[Event "Oberliga Nord O 1718"]
[Site "Germany"]
[Date "2018.01.21"]
[Round "5.7"]
[White "Mueller, Michael1"]
[Black "Stark, Ingo"]
[Result "1/2-1/2"]
[WhiteElo "2273"]
[BlackElo "2148"]
[PlyCount "159"]
[EventDate "2017.10.08"]
[EventType "team-tourn"]
[EventRounds "9"]
[EventCountry "GER"]
[SourceTitle "EXT 2019"]
[Source "ChessBase"]
[SourceDate "2018.10.10"]
[SourceVersion "1"]
[SourceVersionDate "2018.10.10"]
[SourceQuality "1"]
[WhiteTeam "Berlin Rotation"]
[BlackTeam "Berlin Oberschoeneweide"]
[WhiteTeamCountry "GER"]
[BlackTeamCountry "GER"]

1. d4 Nf6 2. c4 e6 3. Nc3 c5 4. d5 exd5 5. cxd5 Bd6 6. e4 Bc7 7. Bd3 0-0 8. Nge2 Re8 9. 0-0 a6 10. a4 d6 11. Bg5 h6 12. Bh4 Nbd7 13. f4 c4 14. Bxc4 g5 15. fxg5 Ng4 16. Qd2 Nde5 17. Ba2 Bb6+ 18. Nd4 Ng6 19. Bf2 Qxg5 20. Qxg5 hxg5 21. Rad1 Bd7 22. Kh1 Nxf2+ 23. Rxf2 Bg4 24. Rdd2 Rac8 25. h3 Bd7 26. Rf6 Bc5 27. Nf5 Bxf5 28. Rxf5 Kg7 29. Bb1 f6 30. Rd1 Rh8 31. Kh2 Rh6 32. Ne2 Rch8 33. Rd3 Ne5 34. Rb3 b6 35. Rg3 Rc8 36. Nf4 Kh7 37. Ne6 Bb4 38. Rf1 Rg6 39. Bd3 a5 40. Ba6 Ra8 41. Be2 Rc8 42. Ba6 Ra8 43. Be2 Rc8 44. Nd4 Rc7 45. Rb3 Kg8 46. Kg3 Rh6 47. Kh2 Kh8 48. g3 Rch7 49. g4 Rc7 50. Kg3 Rch7 51. Rh1 Rc7 52. h4 gxh4+ 53. Kg2 Kg8 54. Rbh3 Ng6 55. Kf3 Bd2 56. Nf5 Rhh7 57. Nxd6 Rc2 58. Bd1 Rxb2 59. Nc4 Ne5+ 60. Nxe5 fxe5 61. g5 Bxg5 62. Kg4 Bf6 63. Rf1 Kg7 64. Rc3 Rg2+ 65. Kh3 Rg6 66. Bg4 Rhh6 67. d6 Rh8 68. Rc7+ Kh6 69. Rf5 Bg5 70. Rxe5 Rxd6 71. Rd5 Rxd5 72. exd5 Rf8 73. d6 Bd8 74. Rc4 Kg5 75. d7 Kg6 76. Re4 Kh6 77. Re8 Kg7 78. Kg2 Bg5 79. Kh3 Bd8 80. Kg2 1/2-1/2

[Event "Oberliga Nord O 1718"]
[Site "Germany"]
[Date "2017.12.10"]
[Round "4.6"]
[White "Gropp, Andreas"]
[Black "Stark, Ingo"]
[Result "0-1"]
[WhiteElo "2147"]
[BlackElo "2148"]
[PlyCount "66"]
[EventDate "2017.10.08"]
[EventType "team-tourn"]
[EventRounds "9"]
[EventCountry "GER"]
[SourceTitle "EXT 2019"]
[Source "ChessBase"]
[SourceDate "2018.10.10"]
[SourceVersion "1"]
[SourceVersionDate "2018.10.10"]
[SourceQuality "1"]
[WhiteTeam "Neuruppin"]
[BlackTeam "Berlin Oberschoeneweide"]
[WhiteTeamCountry "GER"]
[BlackTeamCountry "GER"]

1. c4 Nf6 2. Nc3 e6 3. e4 d5 4. e5 Ne4 5. Nxe4 dxe4 6. Qg4 Bd7 7. Qxe4 Na6 8. Nf3 Bc6 9. Qc2 Bxf3 10. gxf3 Qd4 11. Qe4 Bc5 12. Qxd4 Bxd4 13. f4 Nb4 14. Ke2 0-0-0 15. Rg1 Nd3 16. Rxg7 Nxf4+ 17. Kf3 Ng6 18. Ke4 Nxe5 19. Rg3 f5+ 20. Kf4 Ng4 21. Rb3 Rhg8 22. d3 Be5+ 23. Kf3 Nxh2+ 24. Ke2 Nxf1 25. Kxf1 Bh2 26. Ke2 Rg1 27. c5 Rd5 28. c6 bxc6 29. Rc3 Kd7 30. a4 Re5+ 31. Kf3 Ree1 32. d4 Bd6 33. b3 h5 0-1

[Event "Berlin Lichtenberger op 16th"]
[Site "Berlin"]
[Date "2017.08.27"]
[Round "9"]
[White "Stark, Ingo"]
[Black "Lichii, Elizaveta"]
[Result "1/2-1/2"]
[WhiteElo "2161"]
[BlackElo "1862"]
[PlyCount "70"]
[EventDate "2017.08.19"]
[EventType "swiss"]
[EventRounds "9"]
[EventCountry "GER"]
[SourceTitle "CBM 180 Extra"]
[Source "ChessBase"]
[SourceDate "2017.10.06"]
[SourceVersion "1"]
[SourceVersionDate "2017.10.06"]
[SourceQuality "1"]

1. e4 c5 2. Nf3 e6 3. d4 cxd4 4. Nxd4 a6 5. Bd3 Nf6 6. Qe2 d6 7. 0-0 Qc7 8. Nc3 Be7 9. Kh1 Nbd7 10. f4 0-0 11. Bd2 Nc5 12. Rac1 Qb8 13. Nf3 b5 14. b4 Nxd3 15. cxd3 Bb7 16. a4 bxa4 17. Nxa4 Qd8 18. Nd4 Rc8 19. Rxc8 Qxc8 20. Rc1 Qa8 21. Nb3 Rc8 22. Ra1 Qb8 23. Nb6 Rc6 24. Nc4 Rc8 25. Nd4 d5 26. Nb6 Re8 27. e5 Qa7 28. Be3 Qxb6 29. Nf5 Qd8 30. Nxe7+ Qxe7 31. Bc5 Qd8 32. exf6 Qxf6 33. Rf1 Bc6 34. Qf2 Bb5 35. Rd1 Qf5 1/2-1/2

[Event "Berlin Lichtenberger op 16th"]
[Site "Berlin"]
[Date "2017.08.26"]
[Round "8"]
[White "Fuchs, Dominik"]
[Black "Stark, Ingo"]
[Result "1/2-1/2"]
[WhiteElo "1865"]
[BlackElo "2161"]
[PlyCount "66"]
[EventDate "2017.08.19"]
[EventType "swiss"]
[EventRounds "9"]
[EventCountry "GER"]
[SourceTitle "CBM 180 Extra"]
[Source "ChessBase"]
[SourceDate "2017.10.06"]
[SourceVersion "1"]
[SourceVersionDate "2017.10.06"]
[SourceQuality "1"]

1. e4 c5 2. c3 d5 3. exd5 Qxd5 4. d4 Nf6 5. Nf3 e6 6. Na3 a6 7. Nc4 Nbd7 8. Be2 cxd4 9. Qxd4 Bc5 10. Qh4 0-0 11. Bf4 Ne4 12. Ne3 Qc6 13. Bd3 f5 14. Bxe4 fxe4 15. Ne5 Nxe5 16. Bxe5 Bxe3 17. fxe3 Qb6 18. Qg5 Rf7 19. 0-0-0 Bd7 20. Rd6 Qb5 21. Rhd1 h6 22. Qg3 Kh7 23. b3 Bc6 24. Rxe6 Raf8 25. h4 Bd7 26. Red6 Bg4 27. Qxg4 Qxe5 28. R6d4 Rf2 29. R1d2 Rxd2 30. Kxd2 Rf2+ 31. Kc1 h5 32. Qxe4+ Qxe4 33. Rxe4 Rxg2 1/2-1/2

[Event "Berlin Lichtenberger op 16th"]
[Site "Berlin"]
[Date "2017.08.22"]
[Round "4"]
[White "Matitschka, Heinz"]
[Black "Stark, Ingo"]
[Result "1-0"]
[WhiteElo "1910"]
[BlackElo "2161"]
[PlyCount "61"]
[EventDate "2017.08.19"]
[EventType "swiss"]
[EventRounds "9"]
[EventCountry "GER"]
[SourceTitle "CBM 180 Extra"]
[Source "ChessBase"]
[SourceDate "2017.10.06"]
[SourceVersion "1"]
[SourceVersionDate "2017.10.06"]
[SourceQuality "1"]

1. d4 Nf6 2. c4 c5 3. d5 d6 4. Nc3 Bf5 5. Nf3 Na6 6. Nh4 Bd7 7. g3 g6 8. Bg2 Bg7 9. 0-0 0-0 10. Bg5 h6 11. Bd2 g5 12. Nf3 Bf5 13. h4 g4 14. Ne1 Qd7 15. Qc1 Kh7 16. Bf4 Nh5 17. e4 Bg6 18. Nd3 Nb4 19. Qd2 Nxd3 20. Qxd3 Nxf4 21. gxf4 f5 22. Rae1 fxe4 23. Bxe4 Bxe4 24. Qxe4+ Qf5 25. Qxf5+ Rxf5 26. Rxe7 Rxf4 27. Ne4 Rd8 28. Re1 Kh8 29. Re2 Bd4 30. Rxb7 Re8 31. Nf6 1-0

[Event "Berlin Lichtenberger op 16th"]
[Site "Berlin"]
[Date "2017.08.19"]
[Round "1"]
[White "Stark, Ingo"]
[Black "Kohlmeyer, Dagobert"]
[Result "1-0"]
[WhiteElo "2161"]
[BlackElo "1888"]
[PlyCount "81"]
[EventDate "2017.08.19"]
[EventType "swiss"]
[EventRounds "9"]
[EventCountry "GER"]
[SourceTitle "CBM 180 Extra"]
[Source "ChessBase"]
[SourceDate "2017.10.06"]
[SourceVersion "1"]
[SourceVersionDate "2017.10.06"]
[SourceQuality "1"]

1. e4 e6 2. d4 d5 3. Nc3 Bb4 4. e5 c5 5. a3 Bxc3+ 6. bxc3 Qc7 7. Qg4 Ne7 8. Qxg7 Rg8 9. Qxh7 cxd4 10. Ne2 dxc3 11. f4 Bd7 12. Rb1 a6 13. Qd3 Nf5 14. Qxc3 Qxc3+ 15. Nxc3 b5 16. Bd3 Nd4 17. Kf2 Nbc6 18. g3 Na5 19. Be3 Ndc6 20. Ne2 Nc4 21. Bc5 N6a5 22. Nd4 Rc8 23. Bb4 Nc6 24. Nxc6 Rxc6 25. Rhc1 Nb6 26. Rb3 Na4 27. Ke3 Nc5 28. Bxc5 Rxc5 29. Kd4 Rc8 30. Rc3 Ke7 31. Rxc8 Rxc8 32. h4 f6 33. exf6+ Kxf6 34. g4 Be8 35. g5+ Kg7 36. Re1 Bf7 37. h5 Bxh5 38. Rxe6 Bd1 39. c3 Rf8 40. f5 a5 41. f6+ 1-0

[Event "Oberliga Nord O 1617"]
[Site "Germany"]
[Date "2016.10.16"]
[Round "1.6"]
[White "Stark, Ingo"]
[Black "Moritz, Aron"]
[Result "0-1"]
[WhiteElo "2171"]
[BlackElo "2175"]
[PlyCount "52"]
[EventDate "2016.10.16"]
[EventType "team-tourn"]
[EventRounds "9"]
[EventCountry "GER"]
[SourceTitle "EXT 2018"]
[Source "ChessBase"]
[SourceDate "2017.10.13"]
[SourceVersion "1"]
[SourceVersionDate "2017.10.13"]
[SourceQuality "1"]
[WhiteTeam "Oberschoeneweide"]
[BlackTeam "Kreuzberg"]
[WhiteTeamCountry "GER"]
[BlackTeamCountry "GER"]

1. e4 g6 2. d4 Bg7 3. Nf3 d6 4. h3 Nf6 5. Bd3 0-0 6. 0-0 c5 7. c3 a6 8. Be3 Qc7 9. a4 b6 10. Nbd2 Bb7 11. Qb1 e5 12. b4 Nbd7 13. Rc1 Rab8 14. Nc4 Nxe4 15. Ncxe5 Nxf2 16. Nxg6 Nxh3+ 17. gxh3 fxg6 18. Ne1 Rbe8 19. Bf2 c4 20. Qa2 d5 21. Bf1 Nf6 22. Nf3 Ne4 23. Bg2 Rf7 24. Qe2 Ref8 25. Rc2 Bc8 26. Ne5 Rxf2 0-1

[Event "Berlin Lichtenberger op 15th"]
[Site "Berlin"]
[Date "2016.08.20"]
[Round "8"]
[White "Stark, Ingo"]
[Black "Oginski, Ulrich"]
[Result "1-0"]
[WhiteElo "2183"]
[BlackElo "1769"]
[PlyCount "89"]
[EventDate "2016.08.13"]
[EventType "swiss"]
[EventRounds "9"]
[EventCountry "GER"]
[SourceTitle "CBM 173 Extra"]
[Source "ChessBase"]
[SourceDate "2016.08.29"]
[SourceVersion "1"]
[SourceVersionDate "2016.08.29"]
[SourceQuality "1"]

1. e4 c6 2. Nc3 d5 3. Nf3 Bg4 4. h3 Bxf3 5. Qxf3 e6 6. d3 Nd7 7. g4 Bd6 8. g5 Ne7 9. h4 Qb6 10. a3 Ne5 11. Qh3 N5g6 12. h5 Nf4 13. Qf3 Qc7 14. Ne2 Nxe2 15. Bxe2 Rf8 16. Qg4 0-0-0 17. Bd2 dxe4 18. dxe4 Be5 19. c3 Kb8 20. f4 Rxd2 21. Kxd2 Bxf4+ 22. Kc2 Qe5 23. Rhg1 h6 24. gxh6 Bxh6 25. Qh4 Nc8 26. Rad1 f6 27. Bd3 Nd6 28. Kb1 Re8 29. Ka1 Nf7 30. Bc2 Qc5 31. Qg3+ e5 32. Rd7 Nd8 33. Rgd1 Ne6 34. Bb3 Nf4 35. Qg4 a6 36. Ka2 Qe3 37. Qf5 Rc8 38. Re7 Nd3 39. Qd7 Nc5 40. Qd6+ Ka7 41. Bc2 Nxe4 42. Qd7 Rb8 43. Qxc6 Nd2 44. Rxd2 Qxd2 45. Be4 1-0

[Event "Berlin Lichtenberger op 15th"]
[Site "Berlin"]
[Date "2016.08.15"]
[Round "3"]
[White "Stein, Siegfried"]
[Black "Stark, Ingo"]
[Result "0-1"]
[WhiteElo "1856"]
[BlackElo "2183"]
[PlyCount "56"]
[EventDate "2016.08.13"]
[EventType "swiss"]
[EventRounds "9"]
[EventCountry "GER"]
[SourceTitle "CBM 173 Extra"]
[Source "ChessBase"]
[SourceDate "2016.08.29"]
[SourceVersion "1"]
[SourceVersionDate "2016.08.29"]
[SourceQuality "1"]

1. e4 c5 2. Nf3 d6 3. d4 cxd4 4. Nxd4 Nf6 5. Nc3 a6 6. Be3 Ng4 7. Bg5 h6 8. Bh4 g5 9. Bg3 Bg7 10. h3 Ne5 11. Be2 Nbc6 12. Nb3 b5 13. Qc1 Nc4 14. Nd1 Be6 15. c3 Rc8 16. Ne3 N6e5 17. Bxe5 Bxe5 18. g3 Nxb2 19. Nd5 Na4 20. Kf1 Nxc3 21. Nxc3 Rxc3 22. Qd1 Qb6 23. Rc1 Qc6 24. Rxc3 Qxc3 25. Kg2 Kd7 26. Qb1 Rc8 27. Rc1 Qb4 28. Rd1 Rc3 0-1

[Event "Berlin Lichtenberger op 14th"]
[Site "Berlin"]
[Date "2015.08.21"]
[Round "7"]
[White "Stark, Ingo"]
[Black "Von Herman, Ulf"]
[Result "1-0"]
[WhiteElo "2121"]
[BlackElo "2375"]
[PlyCount "127"]
[EventDate "2015.08.15"]
[EventType "swiss"]
[EventRounds "9"]
[EventCountry "GER"]
[SourceTitle "EXT 2016"]
[Source "ChessBase"]
[SourceDate "2015.10.08"]
[SourceVersion "1"]
[SourceVersionDate "2015.10.08"]
[SourceQuality "1"]

1. e4 c5 2. Nf3 Nc6 3. d4 cxd4 4. Nxd4 Nf6 5. Nc3 e5 6. Ndb5 d6 7. Bg5 a6 8. Na3 b5 9. Bxf6 gxf6 10. Nd5 f5 11. Bd3 Be6 12. Qh5 Rg8 13. g3 Nd4 14. c3 fxe4 15. Bxe4 Bg4 16. Qxh7 Rg7 17. Qh6 Nf3+ 18. Ke2 Ng5+ 19. f3 Nxe4 20. fxg4 Qc8 21. Nf6+ Nxf6 22. Qxf6 Rxg4 23. Rhf1 Ra7 24. Qf5 Qxf5 25. Rxf5 b4 26. Kf3 Rg6 27. cxb4 Ke7 28. Rc1 Ke6 29. g4 Rb7 30. Rc4 d5 31. Rc6+ Bd6 32. h3 Rxb4 33. b3 Rh6 34. Kg2 a5 35. Ra6 a4 36. bxa4 Rb2+ 37. Rf2 Rxf2+ 38. Kxf2 Ke7 39. Kg2 Rh8 40. Ra7+ Ke6 41. Nb5 Bb8 42. Rb7 e4 43. Nd4+ Kd6 44. a5 Kc5 45. Nb3+ Kc4 46. a6 d4 47. a7 Be5 48. Kf2 f6 49. Ke2 Rd8 50. Nd2+ Kc3 51. Nxe4+ Kc2 52. Nc5 Re8 53. Re7 Ra8 54. Nd3 Bd6 55. Re6 Rxa7 56. Ne1+ Kc3 57. Rxd6 Rxa2+ 58. Kf3 Ra1 59. Ke2 Ra2+ 60. Kf1 Rh2 61. Rc6+ Kb4 62. Nc2+ Ka4 63. Nxd4 Rxh3 64. Kg2 1-0